[Event "Polfinal Mistrzostw Polski Niewidomych i Slabowidzacych w szachach"]
[Site "Wagrowiec"]
[Date "1899-12-30"]
[Round "8.19"]
[White "Binkowski, Kazimierz"]
[Black "Kizym, Lukasz"]
[Result "0-1"]
[WhiteTitle "II"]
[BlackTitle "II"]
[WhiteElo "1578"]
[BlackElo "1665"]

1. c4 e5 2. Nc3 Nf6 3. e4 Be7 4. d3 d6 5. Be2 Nc6 6. Nf3 O-O 7. O-O Bd7 8. Bg5
h6 9. Bxf6 Bxf6 10. Nd5 Be6 11. a3 Re8 12. b4 a6 13. h3 b5 14. Rc1 Na7 15. c5
Bxd5 16. exd5 Rc8 17. c6 Rb8 18. Nh2 Nc8 19. Bf3 Ne7 20. Be4 Bg5 21. Nf3 Bxc1
22. Qxc1 f5 23. Nh2 fxe4 24. dxe4 Ng6 25. g3 Rf8 26. Ng4 Qg5 27. Qd1 h5 28. Nh2
Nf4 29. h4 Qg6 30. Kh1 Qxe4+ 31. f3 Qe2 32. gxf4 Qxd1 33. Rxd1 Rxf4 34. Kg2 Rd4
35. Rxd4 exd4 36. f4 Re8 37. Nf3 d3 38. Kf2 Re2+ 39. Kf1 Ra2 40. Ng5 Rxa3 0-1

[Event "Polfinal Mistrzostw Polski Niewidomych i Slabowidzacych w szachach"]
[Site "Wagrowiec"]
[Date "1899-12-30"]
[Round "8.20"]
[White "Jagiela, Elzbieta"]
[Black "Gryglewicz, Tadeusz"]
[Result "0-1"]
[WhiteTitle "II"]
[BlackTitle "II+"]
[WhiteElo "1402"]
[BlackElo "1623"]

1. e4 g6 2. Nf3 d6 3. Bc4 Bg7 4. Nc3 e6 5. d3 Nc6 6. a3 a6 7. Be3 Bd7 8. Qd2 h6
9. d4 e5 10. d5 Nb8 11. O-O-O Nf6 12. g4 a5 13. Qd3 Na6 14. Bb5 g5 15. Nd2 Bf8
16. Bxa6 bxa6 17. f3 Bg7 18. b3 Qc8 19. a4 Qb8 20. Nc4 O-O 21. Nxa5 Qb4 22. Nc4
Rfb8 23. Na2 Qb7 24. Nc3 Qc8 25. Kd2 Rb4 26. Na2 Rbb8 27. Nc3 Ne8 28. Qe2 Rb4
0-1

[Event "Polfinal Mistrzostw Polski Niewidomych i Slabowidzacych w szachach"]
[Site "Wagrowiec"]
[Date "1899-12-30"]
[Round "8.21"]
[White "Salamon, Jan"]
[Black "Jakimczuk, Alicja"]
[Result "1/2-1/2"]
[WhiteTitle "I"]
[BlackTitle "I"]
[WhiteElo "1731"]
[BlackElo "1315"]

1. d4 Nf6 2. Nf3 g6 3. c3 Bg7 4. Nbd2 d5 5. Ne5 Nbd7 6. Ndf3 O-O 7. e3 c5 8. Be2
Qc7 9. O-O b6 10. Bd2 Ne4 11. Nd3 Ndf6 12. Nfe5 Nd7 13. Nxd7 Bxd7 14. Be1 Rac8
15. f3 Nd6 16. Bg3 Qd8 17. Ne1 Ne8 18. Ba6 Rc6 19. Bb7 Re6 20. Nc2 Bc6 21. Bxc6
Rxc6 22. Re1 f5 23. Kh1 Nf6 24. Re2 Nh5 25. Bf2 e6 26. g3 Kh8 27. h4 Rc7 28. Kg2
Nf6 29. Rd2 Rd7 30. Qh1 Re8 31. Qh3 h5 32. Re1 e5 33. a3 e4 1/2-1/2

[Event "Polfinal Mistrzostw Polski Niewidomych i Slabowidzacych w szachach"]
[Site "Wagrowiec"]
[Date "1899-12-30"]
[Round "8.22"]
[White "Jagiello, Jerzy"]
[Black "Czarnecki, Zbigniew"]
[Result "1-0"]
[WhiteTitle "II"]
[BlackTitle "II"]
[WhiteElo "1601"]
[BlackElo "1296"]

1. e4 e5 2. Nf3 Nc6 3. Bc4 Bc5 4. c3 Nf6 5. d3 a6 6. h3 d6 7. O-O O-O 8. Be3 Bb6
9. Nbd2 h6 10. Nh2 Na5 11. Qe2 Nxc4 12. Nxc4 Bxe3 13. Nxe3 c6 14. f4 Re8 15. f5
d5 16. Nhg4 h5 17. Nxf6+ Qxf6 18. Qxh5 Qh6 19. Qf3 dxe4 20. dxe4 Qh7 21. Ng4 Rd8
22. Nxe5 f6 23. Ng4 Rf8 24. Rfe1 Bd7 25. e5 fxe5 26. Rxe5 Rae8 27. Rxe8 Rxe8 1-0

[Event "Polfinal Mistrzostw Polski Niewidomych i Slabowidzacych w szachach"]
[Site "Wagrowiec"]
[Date "1899-12-30"]
[Round "8.23"]
[White "Spionkowski, Fabian"]
[Black "Loroch, Zygfryd"]
[Result "1-0"]
[WhiteTitle "II"]
[BlackTitle "II"]
[WhiteElo "1233"]
[BlackElo "1427"]

1. e4 e5 2. Nf3 Nc6 3. Bc4 d6 4. Nc3 Bg4 5. Bb5 Bxf3 6. Qxf3 Nf6 7. Nd5 Nxd5 8.
exd5 Qf6 9. dxc6 Qxf3 10. gxf3 Ke7 11. cxb7 Rb8 12. Bc6 Ke6 13. c4 Be7 14. d3
Rhd8 15. Be3 d5 16. cxd5+ Rxd5 17. Bxa7 Bb4+ 18. Kf1 Rc5 19. Bxb8 Rxc6 20. Bxc7
1-0

[Event "Polfinal Mistrzostw Polski Niewidomych i Slabowidzacych w szachach"]
[Site "Wagrowiec"]
[Date "1899-12-30"]
[Round "8.27"]
[White "Jagiello, Adolf"]
[Black "Wegner, Wieslaw"]
[Result "0-1"]
[WhiteTitle "II"]
[BlackTitle "II"]
[WhiteElo "1233"]
[BlackElo "1610"]

1. e4 e5 2. Nf3 Nc6 3. Bc4 Nf6 4. d3 d6 5. a3 Bg4 6. c3 Be7 7. Nbd2 a6 8. Qb3 O-O
9. Qd1 b5 10. Ba2 a5 11. h3 Bh5 12. Bb3 b4 13. g4 Bg6 14. c4 h6 15. a4 Nh7 16.
Nf1 Ng5 17. Ng3 Nxf3+ 18. Qxf3 Nd4 19. Qd1 Bh7 20. h4 Bxh4 21. Be3 Qf6 22. Bxd4
Bxg3 23. Be3 Bf4 24. Qe2 c5 25. O-O-O g5 26. Rh3 0-1

[Event "Polfinal Mistrzostw Polski Niewidomych i Slabowidzacych w szachach"]
[Site "Wagrowiec"]
[Date "1899-12-30"]
[Round "8.28"]
[White "Lazuka, Jan"]
[Black "Kaczorowski, Boguslaw"]
[Result "1/2-1/2"]
[WhiteTitle "III"]
[BlackTitle "II"]
[WhiteElo "1264"]
[BlackElo "1571"]

1. e4 e5 2. a3 Nf6 3. Nc3 Nc6 4. Nf3 d6 5. h3 Be7 6. Bc4 O-O 7. O-O a6 8. d3 Bd7
9. Bg5 h6 10. Bxf6 Bxf6 11. Bd5 Rb8 12. Bxc6 Bxc6 13. Ne2 d5 14. Nc3 dxe4 15.
dxe4 Qe7 16. Qc1 Rbd8 17. Rd1 Rd7 18. Rxd7 Qxd7 19. Qd1 Rd8 20. Qxd7 Rxd7 21.
Rb1 b5 22. b4 Kf8 23. g4 g5 24. Kg2 Ke7 25. Kg3 Bb7 26. h4 gxh4+ 27. Nxh4 Bg5
28. Nf5+ Ke6 29. Rd1 Rxd1 30. Nxd1 Bc6 1/2-1/2

[Event "Polfinal Mistrzostw Polski Niewidomych i Slabowidzacych w szachach"]
[Site "Wagrowiec"]
[Date "1899-12-30"]
[Round "9.1"]
[White "Migala, Andrzej"]
[Black "Pawelec, Bartosz"]
[Result "1/2-1/2"]
[WhiteTitle "k"]
[BlackTitle "k"]
[WhiteElo "2002"]
[BlackElo "2010"]

1. e4 e6 2. d4 d5 3. exd5 exd5 4. Bd3 Bd6 5. c3 c6 6. Ne2 Ne7 7. Bf4 Bf5 8. O-O
O-O 9. Bxd6 Qxd6 10. Bxf5 Nxf5 11. Qd3 Ne7 12. Nd2 Nd7 13. Qg3 Nf5 14. Qxd6 Nxd6
15. Rfe1 Rfe8 16. Nf4 Kf8 17. Nd3 Rxe1+ 18. Rxe1 Re8 19. Rxe8+ Kxe8 20. f3 Ke7
21. Kf2 f6 22. Ke2 Ke6 23. Nf4+ Ke7 24. Ke3 Nb6 25. b3 Nf5+ 26. Ke2 Nh4 27. Kf2
g5 28. Nd3 Nd7 29. g3 Nf5 30. Ke2 b6 31. Kf2 1/2-1/2

[Event "Polfinal Mistrzostw Polski Niewidomych i Slabowidzacych w szachach"]
[Site "Wagrowiec"]
[Date "1899-12-30"]
[Round "9.2"]
[White "Urbaniak, Karol"]
[Black "Pociejowski, Marek"]
[Result "1-0"]
[WhiteTitle "I"]
[BlackTitle "I++"]
[WhiteElo "1592"]
[BlackElo "1865"]

1. e4 Nf6 2. e5 Nd5 3. d4 d6 4. c4 Nb6 5. f4 dxe5 6. fxe5 Nc6 7. Be3 Bf5 8. Nc3
e6 9. Nf3 Be7 10. Be2 O-O 11. O-O f6 12. exf6 Bxf6 13. d5 exd5 14. cxd5 Ne7 15.
Bc5 Nd7 16. Ba3 Kh8 17. Nd4 Bxd4+ 18. Qxd4 Rf6 19. Rae1 Ng8 20. Bb5 a6 21. Bc4
Nb6 22. Bb3 Bd7 23. Ne4 Rxf1+ 24. Rxf1 Bb5 25. Rf7 Nf6 26. Rxf6 Qe8 27. Rf8+ Qxf8
28. Bxf8 Rxf8 29. h3 h6 30. Nc5 Rf6 31. Ne6 c6 32. Qxb6 1-0

[Event "Polfinal Mistrzostw Polski Niewidomych i Slabowidzacych w szachach"]
[Site "Wagrowiec"]
[Date "1899-12-30"]
[Round "9.3"]
[White "Zoltek, Tadeusz"]
[Black "Wolanski, Michal"]
[Result "1-0"]
[WhiteTitle "FM"]
[BlackTitle "I++"]
[WhiteElo "2091"]
[BlackElo "1903"]

1. Nf3 c5 2. c4 Nc6 3. g3 g6 4. Bg2 Bg7 5. O-O Nf6 6. d4 cxd4 7. Nxd4 O-O 8. Nc3
d6 9. Nc2 Be6 10. b3 Qd7 11. Bg5 Bh3 12. Qd2 Bxg2 13. Kxg2 Qf5 14. Rad1 Ne4 15.
Nxe4 Qxe4+ 16. f3 Qe6 17. e4 Rac8 18. Qd5 a6 19. Rf2 Rc7 20. Qxe6 fxe6 21. Be3
Bc3 22. Bb6 Rd7 23. Nd4 Nxd4 24. Bxd4 Bxd4 25. Rxd4 e5 26. Rd5 Rc7 27. Rfd2 b6
28. h4 Rc5 29. R5d3 Kf7 30. Kh3 Ke6 31. Kg4 h6 32. Rf2 Rf6 33. Kh3 Rc8 34. Kg2
Rf7 35. Rd5 g5 36. hxg5 hxg5 37. Rd1 Rh8 38. Rh1 Rfh7 39. Rxh7 Rxh7 40. Rf1 Kf6
41. Rh1 Rxh1 42. Kxh1 Kg6 43. Kg2 Kf6 44. Kh3 Kg6 45. Kg4 e6 46. a3 a5 47. b4
axb4 48. axb4 Kh6 49. f4 gxf4 50. gxf4 exf4 51. e5 d5 52. c5 1-0

[Event "Polfinal Mistrzostw Polski Niewidomych i Slabowidzacych w szachach"]
[Site "Wagrowiec"]
[Date "1899-12-30"]
[Round "9.4"]
[White "Zarow, Zdzislaw"]
[Black "Kulpinski, Piotr"]
[Result "1/2-1/2"]
[WhiteTitle "I"]
[BlackTitle "I++"]
[WhiteElo "1639"]
[BlackElo "1860"]

1. e4 d6 2. d4 e5 3. dxe5 dxe5 4. Qxd8+ Kxd8 5. Nf3 f6 6. Bc4 c6 7. O-O Nd7 8.
a4 Kc7 9. Bd2 Nc5 10. Re1 Be6 11. Bxe6 Nxe6 12. Nc3 Bc5 13. Rab1 Nd4 14. Nxd4
Bxd4 15. Ne2 Bc5 16. b4 Rd8 17. Bc3 Be7 18. Red1 Rxd1+ 19. Rxd1 Nh6 20. f3 Nf7
21. g3 Rd8 22. Rxd8 Nxd8 23. Kf2 Ne6 24. f4 exf4 25. gxf4 c5 26. b5 b6 27. f5
Ng5 28. Ke3 Bd6 29. h4 Nf7 30. Nf4 Bxf4+ 31. Kxf4 Kd6 1/2-1/2

[Event "Polfinal Mistrzostw Polski Niewidomych i Slabowidzacych w szachach"]
[Site "Wagrowiec"]
[Date "1899-12-30"]
[Round "9.5"]
[White "Debowska, Teresa"]
[Black "Rutkowski, Jerzy"]
[Result "1-0"]
[WhiteTitle "WFM"]
[BlackTitle "I+"]
[WhiteElo "1730"]
[BlackElo "2031"]

1. e4 e5 2. d3 d6 3. g3 Nf6 4. Bg2 Be7 5. f4 Nc6 6. Nf3 Bg4 7. h3 Bxf3 8. Bxf3
Nd4 9. Bg2 c6 10. c3 Ne6 11. f5 Nc7 12. Be3 d5 13. Nd2 dxe4 14. dxe4 Qd3 15. Qe2
Qxe2+ 16. Kxe2 Nh5 17. Bf2 g6 18. Bf3 Ng7 19. g4 h5 20. Nc4 gxf5 21. gxf5 f6 22.
Rhg1 Kf8 23. Rg6 Kf7 24. Rag1 Nce8 25. Be3 Rh7 26. Bh6 Rd8 27. b4 Bf8 28. Ne3
Nd6 29. Bxg7 Rxg7 30. Bxh5 Rh7 31. Rh6+ 1-0

[Event "Polfinal Mistrzostw Polski Niewidomych i Slabowidzacych w szachach"]
[Site "Wagrowiec"]
[Date "1899-12-30"]
[Round "9.6"]
[White "Stolarczyk, Anna"]
[Black "Miodonski, Miroslaw"]
[Result "1-0"]
[WhiteTitle "WCM"]
[BlackTitle "II"]
[WhiteElo "1934"]
[BlackElo "1384"]

1. d4 Nf6 2. Nf3 g6 3. g3 Bg7 4. Bg2 c6 5. c4 O-O 6. O-O d6 7. Nc3 Nbd7 8. e4 Qc7
9. h3 e5 10. Be3 Nb6 11. b3 Be6 12. Qc2 Rac8 13. Rad1 h6 14. Qc1 Kh7 15. a4 a5
16. dxe5 dxe5 17. Nxe5 Nxa4 18. Nxa4 Qxe5 19. Bf4 Qh5 20. g4 Bxg4 21. hxg4 Nxg4
22. Rd3 Ne5 23. Rh3 Qe2 24. Bxe5 f6 25. Bd6 Rf7 26. Bf3 Qa2 27. Bd1 g5 28. e5
1-0

[Event "Polfinal Mistrzostw Polski Niewidomych i Slabowidzacych w szachach"]
[Site "Wagrowiec"]
[Date "1899-12-30"]
[Round "9.7"]
[White "Malcer, Joanna"]
[Black "Kowalczyk, Marian"]
[Result "0-1"]
[WhiteTitle "I"]
[BlackTitle "I++"]
[WhiteElo "1503"]
[BlackElo "1920"]

1. e4 c5 2. Nf3 Nc6 3. d4 cxd4 4. Nxd4 Nf6 5. Nc3 e6 6. Be3 Bb4 7. Nde2 Nxe4 8.
Bd2 Nxd2 9. Qxd2 d5 10. Qd3 d4 11. Nxd4 Qxd4 12. O-O-O Bxc3 13. Qxc3 Qxc3 14.
bxc3 Bd7 0-1

[Event "Polfinal Mistrzostw Polski Niewidomych i Slabowidzacych w szachach"]
[Site "Wagrowiec"]
[Date "1899-12-30"]
[Round "9.8"]
[White "Kopiec, Miroslaw"]
[Black "Barnowski, Sylwester"]
[Result "1/2-1/2"]
[WhiteTitle "II+"]
[BlackTitle "I"]
[WhiteElo "1722"]
[BlackElo "1790"]

1. e4 e6 2. Nf3 d5 3. exd5 exd5 4. d4 Nc6 5. Nc3 Nf6 6. Bb5 Bb4 7. Bd2 Bd7 8. O-O
O-O 9. Bg5 Bxc3 10. bxc3 a6 11. Bd3 h6 12. Bh4 Bg4 13. h3 Bh5 14. g4 Bg6 15. Ne5
Bxd3 16. cxd3 Qd6 17. Bg3 Qd8 18. Nxc6 bxc6 19. Rb1 Nd7 20. Qd2 Rb8 21. Rb3 Rxb3
22. axb3 c5 23. Ra1 Qf6 24. Qf4 Qxf4 25. Bxf4 cxd4 26. cxd4 Rb8 27. Rxa6 Rxb3
28. Bxc7 Rxd3 29. Ra4 Nf6 30. Be5 Ne4 31. Ra8+ Kh7 32. Rf8 f6 1/2-1/2

[Event "Polfinal Mistrzostw Polski Niewidomych i Slabowidzacych w szachach"]
[Site "Wagrowiec"]
[Date "1899-12-30"]
[Round "9.9"]
[White "Niecko, Stanislaw"]
[Black "Huzarski, Stanislaw"]
[Result "1/2-1/2"]
[WhiteTitle "I+"]
[BlackTitle "I"]
[WhiteElo "1753"]
[BlackElo "1753"]

1. e4 c5 2. a3 Nc6 3. b4 d6 4. b5 Nd4 5. c3 Ne6 6. d4 cxd4 7. cxd4 g6 8. Nf3 Bg7
9. Bb2 Nf6 10. Nbd2 O-O 11. Be2 Nf4 12. Bf1 Qa5 13. g3 Ne6 14. Bd3 Nd7 15. O-O
Qb6 16. Nb3 Nf6 17. d5 Nc5 18. Bd4 Nfd7 19. Bxg7 Kxg7 20. Qc2 Nxb3 21. Qxb3 Nc5
22. Qc3+ Kg8 23. a4 Bg4 24. a5 Qd8 25. Nd4 Re8 26. Qd2 Kg7 27. f3 Bd7 28. Qb2
Kg8 29. Be2 e6 1/2-1/2

[Event "Polfinal Mistrzostw Polski Niewidomych i Slabowidzacych w szachach"]
[Site "Wagrowiec"]
[Date "1899-12-30"]
[Round "9.10"]
[White "Zelajtys, Jozef"]
[Black "Sargalski, Andrzej"]
[Result "1-0"]
[WhiteTitle "I"]
[BlackTitle "I++"]
[WhiteElo "1682"]
[BlackElo "1840"]

1. e4 e5 2. Nf3 Nc6 3. Bb5 a6 4. Bxc6 dxc6 5. c3 Qd3 6. Qe2 Qxe2+ 7. Kxe2 f5 8.
exf5 Bd6 9. d4 e4 10. Ne5 Bxf5 11. g4 Be6 12. h3 c5 13. Be3 cxd4 14. cxd4 Ne7
15. Nd2 Bd5 16. Rhf1 O-O-O 17. Rac1 Rhf8 18. Nec4 Ng6 19. Nb6+ Kb8 20. Nxd5 c6
21. Nc3 Nf4+ 22. Bxf4 Bxf4 23. Ncxe4 Rxd4 24. Rc4 Rfd8 25. Rxd4 Rxd4 26. f3 b5
27. Rc1 Kb7 28. Rc5 g6 29. a3 Kb6 30. b4 h6 31. Nb3 Rd7 32. Na5 Rc7 33. h4 Bh2
34. h5 Bg1 35. Nf2 g5 36. Rf5 Bh2 37. Nd3 Re7+ 38. Kd2 Re6 39. Nb3 Rd6 40. Nbc5
Bg1 41. Ne4 Re6 42. Rf6 Rxf6 43. Nxf6 Bd4 44. Nd7+ Kb7 45. N7c5+ Ka7 46. Ne6 Bf6
47. Kc2 Kb6 48. f4 gxf4 49. Nexf4 a5 50. Nc5 Be7 51. Kd3 axb4 52. axb4 Bxc5 53.
bxc5+ Kxc5 54. g5 hxg5 55. h6 gxf4 56. h7 b4 57. h8=Q f3 58. Qf8+ Kb5 59. Qb8+
Kc5 60. Qf4 Kb5 1-0

[Event "Polfinal Mistrzostw Polski Niewidomych i Slabowidzacych w szachach"]
[Site "Wagrowiec"]
[Date "1899-12-30"]
[Round "9.11"]
[White "Jagiela, Andrzej"]
[Black "Kaciotys, Mieczyslaw"]
[Result "1/2-1/2"]
[WhiteTitle "I"]
[BlackTitle "II+"]
[WhiteElo "1716"]
[BlackElo "1689"]

1. e4 e5 2. Nf3 Nc6 3. d4 exd4 4. Nxd4 Nxd4 5. Qxd4 Qf6 6. Qxf6 Nxf6 7. Bd3 Bb4+
8. Bd2 Bxd2+ 9. Nxd2 O-O 10. O-O d6 11. f3 b6 12. Nb3 Bb7 13. a3 Nd7 14. Rae1
Ne5 15. Nc1 a5 16. a4 Nxd3 17. Nxd3 Rfe8 18. b3 Rad8 19. Nf4 c6 20. Rd1 d5 21.
exd5 cxd5 22. Rfe1 Rxe1+ 23. Rxe1 Kf8 24. Kf2 f6 25. Nd3 Bc6 26. f4 Kf7 27. g3
Rd6 28. Re2 Re6 29. Rxe6 Kxe6 30. Ke3 g5 31. fxg5 fxg5 32. Ne1 Kf5 33. h3 h5 34.
Nd3 h4 35. g4+ Ke6 36. Kd4 b5 37. axb5 Bxb5 1/2-1/2

[Event "Polfinal Mistrzostw Polski Niewidomych i Slabowidzacych w szachach"]
[Site "Wagrowiec"]
[Date "1899-12-30"]
[Round "9.12"]
[White "Gryglewicz, Tadeusz"]
[Black "Staruch, Roman"]
[Result "1/2-1/2"]
[WhiteTitle "II+"]
[BlackTitle "I++"]
[WhiteElo "1623"]
[BlackElo "1875"]

1. Nf3 d5 2. d4 Nf6 3. Nc3 e6 4. g3 c5 5. Bg2 Nc6 6. O-O Be7 7. a3 O-O 8. Be3 cxd4
9. Nxd4 Bd7 10. b4 Rc8 11. Qd2 a6 12. Rfc1 Nxb4 13. Rcb1 Nc6 14. Rxb7 Rb8 15.
Rab1 Rxb7 16. Rxb7 Bxa3 17. Nxc6 Bxc6 18. Rb6 Qc7 19. Nb1 Bd6 20. Rxa6 Rb8 21.
Ra1 h6 1/2-1/2

[Event "Polfinal Mistrzostw Polski Niewidomych i Slabowidzacych w szachach"]
[Site "Wagrowiec"]
[Date "1899-12-30"]
[Round "9.13"]
[White "Gawel, Janusz"]
[Black "Wodas, Pawel"]
[Result "0-1"]
[WhiteTitle "II"]
[BlackTitle "I"]
[WhiteElo "1576"]
[BlackElo "1799"]

1. d4 Nf6 2. c4 c5 3. Nf3 g6 4. e3 Bg7 5. Nc3 O-O 6. Be2 a6 7. O-O Qc7 8. Qc2 d6
9. d5 e6 10. e4 exd5 11. exd5 Nbd7 12. Bf4 Nh5 13. Be3 Re8 14. Rfd1 Rb8 15. a4
Nhf6 16. Rab1 Ng4 17. Bf4 Nde5 18. Nxe5 Nxe5 19. Bxe5 Bxe5 20. Bf3 Bd4 21. Ne2
Bf5 22. Qd2 Bxb1 23. Nxd4 cxd4 24. Rxb1 Qxc4 0-1

[Event "Polfinal Mistrzostw Polski Niewidomych i Slabowidzacych w szachach"]
[Site "Wagrowiec"]
[Date "1899-12-30"]
[Round "9.14"]
[White "Mettel, Werner"]
[Black "Pawlik, Tomasz"]
[Result "0-1"]
[WhiteTitle "I"]
[BlackTitle "II+"]
[WhiteElo "1742"]
[BlackElo "1648"]

1. e4 e5 2. Nf3 Nf6 3. Nc3 Nc6 4. Bc4 Nxe4 5. Nxe4 d5 6. Bxd5 Qxd5 7. Nc3 Qd8 8.
d3 a6 9. h3 Be7 10. O-O Be6 11. a3 f6 12. Re1 Qd7 13. Ne4 O-O-O 14. Be3 b6 15.
Qe2 g5 16. Nh2 Kb7 17. Rad1 h5 18. Rd2 h4 19. c3 Rhg8 20. f3 f5 21. Red1 fxe4
22. dxe4 Qc8 23. Ng4 Bxg4 24. hxg4 Rxd2 25. Rxd2 Rd8 26. Kh2 Rxd2 27. Qxd2 Qd8
28. Qc1 Na5 29. Qf1 b5 30. Qe2 Qd7 31. Qf1 Nc4 32. Bc1 Kb6 33. a4 c5 34. b3 Na5
35. b4 cxb4 36. cxb4 Nc4 37. axb5 axb5 38. Qf2+ Kb7 39. Qe1 Qd6 40. Qc3 Qxb4 41.
Qxb4 Bxb4 42. Bxg5 Be1 43. Kh3 Bf2 44. Bxh4 Bxh4 45. Kxh4 Nd6 46. g5 b4 47. g6
Ne8 48. Kg5 Kc7 49. Kh6 b3 50. g7 Nxg7 51. Kxg7 b2 0-1

[Event "Polfinal Mistrzostw Polski Niewidomych i Slabowidzacych w szachach"]
[Site "Wagrowiec"]
[Date "1899-12-30"]
[Round "9.15"]
[White "Kizym, Lukasz"]
[Black "Dziobek, Jerzy"]
[Result "1/2-1/2"]
[WhiteTitle "II"]
[BlackTitle "I"]
[WhiteElo "1665"]
[BlackElo "1731"]

1. e4 e6 2. d4 d5 3. exd5 exd5 4. c3 c6 5. Nf3 Nf6 6. Bd3 Be7 7. Bg5 O-O 8. O-O
a6 9. Re1 Re8 10. Bc2 Nbd7 11. Qd3 h6 12. Bh4 b6 13. Qd2 Ne4 14. Bxe7 Rxe7 15.
Bxe4 Rxe4 16. Re3 Re8 17. Qd3 Nf6 18. Nbd2 Bb7 19. Rae1 Rxe3 20. Rxe3 Qc7 1/2-1/2

[Event "Polfinal Mistrzostw Polski Niewidomych i Slabowidzacych w szachach"]
[Site "Wagrowiec"]
[Date "1899-12-30"]
[Round "9.16"]
[White "Tyszkiewicz, Adam"]
[Black "Szydlowski, Wiktor"]
[Result "0-1"]
[WhiteTitle "II"]
[BlackTitle "I"]
[WhiteElo "1396"]
[BlackElo "1693"]

1. Nf3 d5 2. e3 Nf6 3. Be2 Nc6 4. d4 e6 5. O-O Bd6 6. c4 dxc4 7. Bxc4 O-O 8. Nc3
a6 9. e4 Be7 10. e5 Ne8 11. Ne4 Kh8 12. Bg5 Bxg5 13. Nexg5 h6 14. Ne4 Ne7 15.
Bb3 b6 16. Bc2 Bd7 17. a4 Ng6 18. g3 Bc6 19. b3 a5 20. Qd3 f5 21. exf6 Nxf6 22.
Nxf6 Rxf6 23. Ne5 Be8 24. h4 Qe7 25. h5 Nf8 26. g4 Rd8 27. Rad1 c5 28. Qe4 cxd4
29. Rxd4 Rxd4 30. Qxd4 Kg8 31. Qe4 Qc5 32. Bd3 Qc3 33. Rb1 Qd2 34. Rf1 Qc3 35.
Bc4 Nh7 36. Ng6 Bxg6 37. hxg6 Ng5 38. Qc6 Qe5 39. f3 Qg3+ 40. Kh1 Rxg6 41. Qe8+
Kh7 42. Bd3 Qh3+ 43. Kg1 Qg3+ 44. Kh1 Qh4+ 45. Kg1 Nh3+ 0-1

[Event "Polfinal Mistrzostw Polski Niewidomych i Slabowidzacych w szachach"]
[Site "Wagrowiec"]
[Date "1899-12-30"]
[Round "9.17"]
[White "Tobolski, Michal"]
[Black "Jagiello, Jerzy"]
[Result "0-1"]
[WhiteTitle "II"]
[BlackTitle "II"]
[WhiteElo "1514"]
[BlackElo "1601"]

1. e4 c5 2. Nf3 Nc6 3. d4 cxd4 4. Nxd4 g6 5. c3 Bg7 6. Bc4 Nxd4 7. cxd4 Qa5+ 8.
Nc3 e6 9. e5 Qb6 10. Ne4 Qb4+ 11. Nd2 d6 12. a3 Qb6 13. Nf3 dxe5 14. Nxe5 Bxe5
15. dxe5 Qa5+ 16. b4 Qxe5+ 17. Be3 Qc3+ 18. Bd2 Qxc4 19. Rc1 Qe4+ 20. Be3 Qxg2
21. Rf1 b6 22. Qd6 Ba6 23. Qc6+ Qxc6 24. Rxc6 Bxf1 25. Kxf1 Ne7 26. Rc7 Nd5 27.
Rc1 Nxe3+ 28. fxe3 O-O 0-1

[Event "Polfinal Mistrzostw Polski Niewidomych i Slabowidzacych w szachach"]
[Site "Wagrowiec"]
[Date "1899-12-30"]
[Round "9.18"]
[White "Bzowski, Grzegorz"]
[Black "Wyrzykowski, Jozef"]
[Result "0-1"]
[WhiteTitle "II+"]
[BlackTitle "I"]
[WhiteElo "1614"]
[BlackElo "1600"]

1. d4 d5 2. c4 e6 3. Nc3 Nf6 4. Bg5 Be7 5. e3 Nbd7 6. cxd5 exd5 7. Bd3 O-O 8. Nf3
h6 9. Bh4 Re8 10. O-O c6 11. a3 a6 12. b4 Nf8 13. Qb3 Ng6 14. Bxf6 Bxf6 15. a4
Be6 16. b5 Qc7 17. b6 Qd7 18. a5 Bg4 19. Be2 Re7 20. Na4 Qc8 21. Nc5 Nh4 22. Rfb1
Nxf3+ 23. Bxf3 Bxf3 24. gxf3 Qh3 25. Qd1 g5 26. Qe2 Bxd4 0-1

[Event "Polfinal Mistrzostw Polski Niewidomych i Slabowidzacych w szachach"]
[Site "Wagrowiec"]
[Date "1899-12-30"]
[Round "9.19"]
[White "Bialas, Stanislaw"]
[Black "Inglot, Marian"]
[Result "0-1"]
[WhiteTitle "II"]
[BlackTitle "II"]
[WhiteElo "1409"]
[BlackElo "1394"]

1. e4 e5 2. Bc4 Nf6 3. Nf3 d5 4. exd5 Nxd5 5. O-O Nc6 6. Nc3 Nf4 7. d3 Bg4 8. Bxf4
exf4 9. Re1+ Be7 10. Nd5 Qd6 11. Re4 g5 12. c3 O-O-O 13. b4 Bf6 14. d4 Kb8 15.
h3 Bf5 16. Re1 g4 17. hxg4 Bxg4 18. Qd3 0-1

[Event "Polfinal Mistrzostw Polski Niewidomych i Slabowidzacych w szachach"]
[Site "Wagrowiec"]
[Date "1899-12-30"]
[Round "9.20"]
[White "Salamon, Jan"]
[Black "Spionkowski, Fabian"]
[Result "1-0"]
[WhiteTitle "I"]
[BlackTitle "II"]
[WhiteElo "1731"]
[BlackElo "1233"]

1. e4 d6 2. d4 Nf6 3. Bd3 g6 4. Ne2 Bg7 5. O-O O-O 6. f3 c6 7. c3 e5 8. Kh1 exd4
9. cxd4 Qb6 10. Nbc3 Nfd7 11. Na4 Qc7 12. Bf4 c5 13. Rc1 b6 14. b4 Qc6 15. Bc4
Nf6 16. b5 Qd7 17. Nac3 a6 18. a4 axb5 19. Bxb5 Qe7 20. dxc5 1-0

[Event "Polfinal Mistrzostw Polski Niewidomych i Slabowidzacych w szachach"]
[Site "Wagrowiec"]
[Date "1899-12-30"]
[Round "9.21"]
[White "Skiera, Edward"]
[Black "Grzywacz, Ryszard"]
[Result "1/2-1/2"]
[WhiteTitle "II"]
[BlackTitle "I"]
[WhiteElo "1421"]
[BlackElo "1705"]

1. d4 d5 2. Nf3 Nc6 3. e3 Bg4 4. Be2 Nf6 5. c4 e6 6. c5 Be7 7. h3 Bf5 8. Nc3 O-O
9. O-O a6 10. a3 b6 11. b4 b5 12. Bd3 Ne4 13. Bxe4 dxe4 14. Nd2 e5 15. d5 Nb8
16. Ndxe4 Bg6 17. Ng3 f5 18. Bb2 Bf6 19. Qd2 Bg5 20. f4 Bh4 21. Kh2 e4 22. Nge2
Qe8 23. d6 cxd6 24. Qd5+ Qf7 25. Qxa8 dxc5 26. Qd5 c4 27. Qxf7+ Bxf7 28. Rad1
Bf6 29. Rd2 Bh5 30. Rfd1 g5 31. g3 1/2-1/2

[Event "Polfinal Mistrzostw Polski Niewidomych i Slabowidzacych w szachach"]
[Site "Wagrowiec"]
[Date "1899-12-30"]
[Round "9.22"]
[White "Wegner, Wieslaw"]
[Black "Jagiela, Elzbieta"]
[Result "1-0"]
[WhiteTitle "II"]
[BlackTitle "II"]
[WhiteElo "1610"]
[BlackElo "1402"]

1. d4 Nf6 2. c4 d5 3. Nc3 e6 4. e3 Nc6 5. Bd3 Bd6 6. Nge2 b6 7. a4 Bb7 8. h3 O-O
9. Nb5 dxc4 10. Bxc4 Ne4 11. Bd3 Nf6 12. e4 e5 13. d5 Ne7 1-0

[Event "Polfinal Mistrzostw Polski Niewidomych i Slabowidzacych w szachach"]
[Site "Wagrowiec"]
[Date "1899-12-30"]
[Round "9.27"]
[White "Lazuka, Jan"]
[Black "Jagiello, Adolf"]
[Result "1/2-1/2"]
[WhiteTitle "III"]
[BlackTitle "II"]
[WhiteElo "1264"]
[BlackElo "1233"]

1. e4 d6 2. h3 Nc6 3. Nc3 Nf6 4. Nf3 e5 5. a3 Be7 6. Bb5 Bd7 7. Bxc6 Bxc6 8. d3
h6 9. O-O O-O 10. Be3 a6 11. Nh4 Bd7 12. Nf3 c5 13. Nd5 Nh5 14. Nxe7+ Qxe7 15.
c3 Nf4 16. Bxf4 exf4 17. Re1 Be6 18. Qd2 g5 19. c4 Qd7 20. e5 b5 21. cxb5 Qxb5
22. b4 Kh8 23. Kh1 1/2-1/2